000 00361nam a2200157Ia 4500
999 _c57084
_d57084
003 0100
005 20170411085608.0
008 130303s9999 xx 000 0 und d
040 _cARRUPELIB
050 _aBX4655.B71949
100 _aBrodrick, James
_917910
245 2 _aA Procession of Saints
_cJames Brodrick
260 _aLondon
260 _bBurns and Oates
260 _c1949
300 _a198p
650 _aSaints
_912679
942 _2lcc
_cMONOGRAPH